Movies Quiz

Random Movies or Role Quiz

Teresa Wright Films Quiz Stats

 Plays Quiz not verified by Sporcle

Challenge
Share
Tweet
Embed
Score 0/27 Timer 05:00
0 Plays Today
Year Film % Correct
1943Shadow of a Doubt
95.2%
1946The Best Years of Our Lives
95.2%
1942Mrs. Miniver
85.7%
1942The Pride of the Yankees
85.7%
1941The Little Foxes
71.4%
1950The Men
33.3%
1997The Rainmaker
33.3%
1944Casanova Brown
23.8%
1954Track of the Cat
23.8%
1952The Steel Trap
19%
1980Somewhere in Time
19%
1947The Trouble With Women
14.3%
1948Enchantment
14.3%
1953The Actress
14.3%
Year Film % Correct
1947Pursued
9.5%
1947The Imperfect Lady
9.5%
1956The Search For Bridey Murphy
9.5%
1952Something to Live For
4.8%
1969Hail, Hero!
4.8%
1969The Happy Ending
4.8%
1977Roseland
4.8%
1988The Good Mother
4.8%
1950The Capture
0%
1952California Conquest
0%
1953Count the Hours
0%
1957Escapade in Japan
0%
1958The Restless Years
0%

You're not logged in!

Compare scores with friends on all Sporcle quizzes.
Join for Free
OR
Log In

You Might Also Like...

Show Comments

Extras

Top Quizzes Today


Score Distribution

Your Account Isn't Verified!

In order to create a playlist on Sporcle, you need to verify the email address you used during registration. Go to your Sporcle Settings to finish the process.

Report this User

Report this user for behavior that violates our Community Guidelines.

Details: